| 000 | 00837nam a2200205 a 4500 | ||
|---|---|---|---|
| 008 | 120416s1988 ||||||||||||||||| || u | ||
| 020 | _a0951387707 | ||
| 050 | _aNA 997.W8 Dow | ||
| 100 | _aDownes, Kerry | ||
| 245 | 1 | 4 | _aThe architecture of Wren |
| 250 | _a2nd ed. | ||
| 260 |
_aSt. Albans: _bRedhedge _c1988 |
||
| 300 | _axviii, 169p. (48) : ill. | ||
| 350 | _a0.00 | ||
| 500 | _aOriginally published: Granada Pub., 1982. -List of C. Wren's work: p. 129-131. -Included bibliographical references (p. 132-133) and index. | ||
| 650 | _aARCHITECTS--ENGLAND-- BIOGRAPHY | ||
| 650 | _aCLASSICISM IN ARCHITECTURE--ENGLAND | ||
| 650 | _aWREN, CHRISTOPHER, SIR, 1632-1723 | ||
| 995 |
_D0.00 _FCBU-MAIN LIBRARY (Kitwe) _H1 _I17.50 _M1 _UAVAILABLE _ZMain Library Open Access Collection |
||
| 999 |
_c34806 _d34806 |
||